Southville International School and Colleges
Your cart is empty.
  • Cart
  • Lists
    Public lists Eva Luna New books Lux_list list_1
    Your lists Log in to create your own lists
  • Log in to your account
  • Your cookies
  • Search history
Southville International School and Colleges
  • Advanced search
  • Recent comments
  • Most popular
  • Libraries

Log in to your account

Log in with GOOGLE


If you do not have an external account, but do have a local account, you can still log in:

  1. Home
  2. MARC view: Tales of Romance
Normal view MARC view ISBD view

Tales of Romance (Record no. 262407)

[ view plain ]
MARC details
000 -LEADER
fixed length control field 00889cam a22002653a 4500
001 - CONTROL NUMBER
control field 33152
003 - CONTROL NUMBER IDENTIFIER
control field PGUSA
005 - DATE AND TIME OF LATEST TRANSACTION
control field 20140828083722.0
008 - FIXED-LENGTH DATA ELEMENTS--GENERAL INFORMATION
fixed length control field 100714s2010||||xxu|||||s|||||000 | eng d
040 ## - CATALOGING SOURCE
Original cataloging agency PGUSA
Language of cataloging eng
042 ## - AUTHENTICATION CODE
Authentication code dc
050 #4 - LIBRARY OF CONGRESS CALL NUMBER
Classification number PZ
245 10 - TITLE STATEMENT
Title Tales of Romance
Medium [electronic resource]
260 ## - PUBLICATION, DISTRIBUTION, ETC. (IMPRINT)
Name of publisher, distributor, etc Project Gutenberg,
Date of publication, distribution, etc 2010
505 0# - FORMATTED CONTENTS NOTE
Formatted contents note The story of Robin Hood -- Wayland the smith -- Some adventures of William Short Nose -- The sword Excalibur -- How Grettir the Strong became an outlaw -- Death of Grettir the Strong.
506 ## - RESTRICTIONS ON ACCESS NOTE
Terms governing access Public domain in the USA.
516 ## - TYPE OF COMPUTER FILE OR DATA NOTE
Type of computer file or data note Electronic text
653 ## - INDEX TERM--UNCONTROLLED
Uncontrolled term Tales
700 1# - ADDED ENTRY--PERSONAL NAME
Personal name Speed, Lancelot,
Dates associated with a name 1860-1931
700 1# - ADDED ENTRY--PERSONAL NAME
Personal name Lang, Andrew,
Dates associated with a name 1844-1912
700 1# - ADDED ENTRY--PERSONAL NAME
Personal name Ford, H. J.
Fuller form of name (Henry Justice),
Dates associated with a name 1860-1941
830 #0 - SERIES ADDED ENTRY--UNIFORM TITLE
Uniform title Project Gutenberg
Volume number/sequential designation 33152
856 40 - ELECTRONIC LOCATION AND ACCESS
Uniform Resource Identifier <a href="http://www.gutenberg.org/ebooks/33152">http://www.gutenberg.org/ebooks/33152</a>
942 ## - ADDED ENTRY ELEMENTS (KOHA)
Koha item type eBooks
Holdings
Withdrawn status Lost status Damaged status Home library Current library Date acquired Total Checkouts Date last seen Price effective from Koha item type
      Project Gutenberg Project Gutenberg 08/28/2014   08/28/2014 08/28/2014 eBooks

Tales of Romance

APA

Speed L., Lang A. & Ford H. J. (2010). Tales of Romance. : Project Gutenberg.

Chicago

Speed Lancelot, Lang Andrew and Ford H J. 2010. Tales of Romance. : Project Gutenberg.

Harvard

Speed L., Lang A. and Ford H. J. (2010). Tales of Romance. : Project Gutenberg.

MLA

Speed Lancelot, Lang Andrew and Ford H J. Tales of Romance. : Project Gutenberg. 2010.

  • Place hold
  • Print
  • Cite
  • Add to your cart (remove)
  • Save record
    BIBTEX Dublin Core MARCXML MARC (non-Unicode/MARC-8) MARC (Unicode/UTF-8) MARC (Unicode/UTF-8, Standard) MODS (XML) RIS
  • More searches
    Search for this title in:
    Other Libraries (WorldCat) Other Databases (Google Scholar) Online Stores (Bookfinder.com) Open Library (openlibrary.org)

Exporting to Dublin Core...

SOUTHVILLE LIBRARY

Southville International School and Colleges Library

1281 Tropical Ave. Cor. Luxembourg St., BF Homes International, Las Pinas City

Tel. No. 8256374 / 252358 Loc. 117/146

Powered by Koha